| 000 | 00694nam a22002177a 4500 | ||
|---|---|---|---|
| 999 |
_c158345 _d158345 |
||
| 005 | 20181029124949.0 | ||
| 010 | _aB-710662 | ||
| 020 |
_a9788190640480 _c410.00 |
||
| 035 | _aB-710662 | ||
| 037 | _bPulse Publication | ||
| 082 | _a610 | ||
| 100 | _aGupta, Ashish | ||
| 245 |
_aMedicine for PGMEE: _bVol. II / _cAshish Gupta [and] Amit Tripathi |
||
| 250 | _a2nd ed. | ||
| 260 |
_aGorakhpur _bPulse Publications _c2008 |
||
| 270 |
_aAyodhya Das Trade Compound, Vijay Chowk _bGorakhpur (U.P.) |
||
| 300 |
_a592p. _bill. _c27cm(pbk) |
||
| 700 | _aTripathi, Amit | ||
| 942 |
_2ddc _cEN _h610 _mGUP |
||